000 00983 a2200217 4500
001 58509
005 20260407155841.0
008 260407a1980 arg spa d
003 AR-UNSa-BCEJYS
040 _aAR-UNSa-BCEJYS
_bspa
_cAR-UNSa-BCEJYS
080 _a35.08
_xPersonal administrativo. Funcionarios. plantilla. función pública. Teoría, organización
245 1 0 _aEl origen geográfico de los funcionarios españoles
020 _a84-7351-149-2
264 1 _aMadrid :
_bInstituto Nacional de Administración Pública (INAP)
_c1980
300 _a55 p.
_c22 cm.
505 _a1. Metodología y límites del análisis - 2. El origen geográfico de los funcionarios superiores - 3. El origen Regional de los Altos cargos y de los Técnicos de Administración Civil - 4. El origen geográfico de los técnicos de Administración Civil - 5. Conclusiones
041 _aspa
942 _cBK
590 _aniveau_biblio:m niveau_hierar:0
100 1 _aÁlvarez Álvarez, Julián
999 _c6433
_d6433